00000000nes 2200000za 4500
0019.510801
003CaOODSP
00520251128093658
006s|| m      f0    |
007aj |a|||
008150406c2002||||xxc||||   b##f  |   fre|d
040 |aCaOODSP|bfre
041 |aeng
041 |afre
043 |an-cn---
0861 |aM57-2/721
1101 |aCanada.|bRessources naturelles Canada. |bCentre d'information topographique.
24510|aSystème national de référence cartographique. Série A721 |h[document cartographique]
260 |aOttawa - Ontario : |bRessources naturelles Canada.
791 |tNational Topographic System. Series A721 |eeng|w(CaOODSP)9.510800